Statistics for Top 16 most spoken languages in India

Click here to take the quiz!

General Stats

  • This quiz has been taken 81 times
  • The average score is 11 of 16

Answer Stats

RankAnswer% Correct
1Hindi
100%
2English
93%
3Bengali
91%
6Tamil
91%
12Punjabi
87%
8Urdu
81%
7Gujarati
79%
4Marathi
78%
5Telugu
78%
9Kannada
65%
11Malayalam
65%
13Assamese
51%
10Odia
47%
14Maithili
28%
16Sanskrit
22%
15Manipuri
9%

Score Distribution

Percentile by Number Answered

Percent of People with Each Score

Your Score History

You have not taken this quiz